Výzkum trhu pod mikroskopem

Význam výskumu trhu a verejnej mienky v celosvetovom meradle. Zastrešujúcou organizáciou je európska spoločnosť pre výskum verejnej mienky a marketingu - ESOMAR. Teritoriálne rozdelenie a obrat svetového trhu komerčne dostupných výskumov. Štruktúra výskumov. Desať najvýznamnejších európskych výskumn...

Descripción completa

Guardado en:
Detalles Bibliográficos
Autor principal: Zahradníček, Stanislav
Formato: Capítulo de libro
Lenguaje:checo
Materias:
Etiquetas: Agregar Etiqueta
Sin Etiquetas, Sea el primero en etiquetar este registro!

MARC

LEADER 00000naa a2200000 4500
001 r038765
005 20230911121024.5
041 0 |a cze 
044 |a CZ 
245 1 0 |a Výzkum trhu pod mikroskopem  |c Stanislav Zahradníček 
520 |a Význam výskumu trhu a verejnej mienky v celosvetovom meradle. Zastrešujúcou organizáciou je európska spoločnosť pre výskum verejnej mienky a marketingu - ESOMAR. Teritoriálne rozdelenie a obrat svetového trhu komerčne dostupných výskumov. Štruktúra výskumov. Desať najvýznamnejších európskych výskumných spoločností. 
610 2 0 |a výskum trhu 
610 2 0 |a mienka verejná 
610 2 0 |a prieskum spotrebiteľský 
610 2 0 |a marketing 
610 2 0 |a obrat obchodný 
610 2 0 |a Európa 
610 2 0 |a USA 
610 2 0 |a svet 
610 2 0 |a ESOMAR 
100 1 |a Zahradníček, Stanislav